000 00753nam a2200229 a 4500
001 000011007
005 20240412074222.0
008 091013s1981 dr c r 000 p spa d
040 _aDO-SdBNP
_bspa
_cBNPHU
082 _aRD861.44
_bS211b
100 1 _aSánchez, Federico,
_d1953-
_926445
245 1 0 _aBaladas /
_cFederico Sánchez.
260 _aSanto Domingo :
_bTaller,
_c1981.
300 _a66 p. :
_bretrs. ;
_c21 cm.
490 1 _aBiblioteca taller
_v122
500 _aIncluye datos biográficos del autor en la solapa de la cubierta.
590 _aInventariado, 2018/BT
650 0 _aPoesía dominicana
_966
650 0 _aLiteratura dominicana.
_967
830 0 _aBiblioteca taller ;
_n122
_926446
910 _aValidado. Control de calidad. MFF
999 _c10745
_d10745